|
|
|
|
| LEADER |
00000nam a22000007a 4500 |
| 005 |
20210204235557.0 |
| 007 |
cr|||| |||| |
| 008 |
210204s2020 es |||||s|||| 00||0 spa d |
| 020 |
|
|
|a 978-84-1377-147-2
|
| 035 |
|
|
|a 32951
|
| 040 |
|
|
|a vLex
|
| 090 |
|
|
|c 11098
|d 11098
|
| 100 |
1 |
|
|a Loscertales Fuertes, Daniel
|
| 245 |
1 |
0 |
|a Propiedad Horizontal
|h [Recurso electrn̤ico] :
|b Legislacin̤, Comentarios y Anexo (Acta de Junta de propietarios) /
|c Daniel Loscertales Fuertes
|
| 256 |
|
|
|a Servicio en ln̕ea
|
| 260 |
|
|
|a Madrid:
|b Dykinson,
|c 2020
|
| 300 |
|
|
|a 1 recurso electrn̤ico
|
| 500 |
|
|
|a Aunque hay bastantes pisos en alquiler y tienen su propia normativa (ver la 11® Edicin̤ del mismo autor sobre la LAU), la mayor parte de los ciudadanos viven en Comunidades de Propietarios, lo que lleva consigo una obligada relacin̤ y la bs︢queda del consenso necesario en todos los aspectos. En tal sentido, Daniel Loscertales Fuertes es el autor que ms̀ ha publicado y la mx̀ima referencia jurd̕ica sobre el tema, son ya 13 ediciones, aunque sea la 1® en Dykinson, y pone al da̕ todos los aspectos de la normativa legal, que obviamente deben tener muy en cuenta las Comunidades de Propietarios y Urbanizaciones, especialmente los profesionales que les asesoran, pues los intereses de todos los comuneros deben congeniar y obtener siempre las mayora̕s necesarias en las Juntas para que los servicios comunes funcionen. Esta Edicin̤ contempla tambiň las modificaciones del RDLEY 7/2019, entre ellas, como novedad importante, el qur̤um necesario en la Junta de Propietarios para prohibir, limitar o poner condiciones en los pisos que se alquilan como “turs̕ticos”, as ̕como la necesidad de inscripcin̤ de šte y de otros acuerdos en el Registro de la Propiedad. Como Anexo figura una explicacin̤ concreta para cada tipo de acuerdos de a Junta, as ̕como un modelo de Acta que contempla todas las situaciones que la propia Ley establece. Esto hace, sin duda, que esta 13® edicin̤ sea la ms̀ completa de todas las anteriores.
|
| 506 |
1 |
|
|a Disponible solo en los productos indicados
|d vLex Global
|d vLex Global (Academic Edition, excluding Law Schools)
|d vLex Global (U.S. Academic Edition, Law Schools)
|d vLex Global (U.S. Academic Edition, excluding Law Schools)
|d vLex Global (Academic Edition, Law Schools)
|
| 650 |
0 |
4 |
|a Derecho Civil
|z Espaą
|
| 650 |
0 |
4 |
|a Obligaciones y Contratos
|z Espaą
|
| 740 |
0 |
|
|a vLex Libros (Servicio en ln̕ea)
|
| 856 |
4 |
0 |
|u http://vlex.com/source/propiedad-horizontal-legislacion-comentarios-y-anexo-acta-de-junta-de-propietarios--32951
|z Acceso restringido
|
| 942 |
|
|
|c BOOK
|
| 999 |
0 |
|
|a Civil Law
|
| 999 |
0 |
|
|a Obligations and Contracts
|